|
|
|
|
| LEADER |
00000nab a2200000 a 4500 |
| 001 |
vtls010255196 |
| 003 |
SK-MaSNL |
| 005 |
20260304155652.0 |
| 008 |
25050717c2006 xo o e slol |
| 035 |
|
|
|a SVKKK000085339
|
| 035 |
|
|
|a urn:nbn:sk:snk-abf61w
|
| 035 |
|
|
|a (urnnbn)urn:nbn:sk:snk:ar-001vfs
|
| 035 |
|
|
|a (uuid)400cb189-737d-4b55-b51d-933bca60b5ed
|
| 038 |
|
|
|a SVKKK
|
| 040 |
|
|
|a SNKBUCL
|b slo
|c SNKBUCL
|e AACR2
|
| 041 |
0 |
|
|a slo
|b eng
|
| 044 |
|
|
|a xo
|c SK
|
| 080 |
|
|
|a 551.4.03
|2 1997
|
| 080 |
|
|
|a 551.44(437.6):551.4.03
|2 1997
|
| 100 |
1 |
|
|a Bella, Pavel,
|d 1962-
|4 aut
|4 pht
|9 251968
|
| 245 |
1 |
0 |
|a Príspevok k morfológii a genéze jaskyne Driny
|c Pavel Bella
|
| 300 |
|
|
|b Obr.
|
| 504 |
|
|
|a Bibliogr. odkazy
|
| 504 |
|
|
|a Res. angl.
|
| 650 |
0 |
7 |
|a jaskyne
|2 snkbucl
|9 20772
|
| 651 |
|
7 |
|a Driny (Slovensko : jaskyňa)
|2 snkbucl
|9 15959
|
| 773 |
0 |
|
|t Aragonit
|g Č. 11 (2006), s. 4-9
|x 1335-213X
|
| 850 |
|
|
|a Slovenská národná knižnica
|
| 852 |
|
|
|a Slovenská národná knižnica
|
| 954 |
|
|
|a odborná, vedecká literatúra pôvodná (slovenská)
|2 lita
|
| 958 |
|
|
|a article2022
|
| 958 |
|
|
|a NB
|
| 958 |
|
|
|a OND
|
| 958 |
|
|
|a EUIPO
|
| 999 |
|
|
|c 2963708
|d 2965638
|